LEADER 01000nam a2200241 i 4500 001 000000046025 003 CaOOAMICUS 005 20250319154602.0 008 110216s1976 it u000 u ita u 040 $aSeMil$bita 245 03$aLa Regione e gli archivi locali in Lombardia. 264 1$a[S.l. :$bs.n.],$c1976$e(Monza :$fPaleari) 300 $a305 p. ;$c20 cm. 490 1 $aQuaderni di documentazione regionale ;$v23 650 4$aLombardia - Storia.$0(OLS)http://semarc/subject/958 650 4$aLombardia - Archivi.$0(OLS)http://semarc/subject/57318 830 0$aQuaderni di documentazione regionale ;$v23.$0(OLS)http://semarc/title/352 850 $aSeMil 852 $aSeMil$W1$xVenegono$y1$m3M I 376$j255350$B12180$CSeMilBibl$Z2$F12180 $81 961 $aOmaggio: Donazione 996 $6245$aLa Regione e gli archivi locali in Lombardia$9(OLS)http://semarc/title/68652 996 $6264$a[S.l. :$bs.n.]$9(OLS)http://semarc/publisher/29751 LEADER 01125nam a2200277 i 4500 001 000000124294 003 CaOOAMICUS 005 20040409000000.0 008 040409s2003 it u000 u ita u 013 $a96991 020 $a88-211-6385-7 040 $aSeMil$bita 100 1 $aBosio, Rodolfo.$0(OLS)http://semarc/name/51628 245 10$aImprenditori con Gesł :$bfede e mercato /$cRodolfo Bosio ; Prefazione di Franzo Grande Stevens. 260 $aGenova-Milano :$bMarietti 1820,$c2003. 300 $a158 p. ;$c22 cm. 500 $aDono del Card. Dionigi Tettamanzi. 650 4$aFede e economia.$0(OLS)http://semarc/subject/23923 700 1 $aFranzo Grande Stevens.$0(OLS)http://semarc/name/51629 850 $aSeMil 852 $aSeMil$W1$xVenegono$y1$m3M III 29$j78894$B78894$CSeMilBibl$Z2$F82145 $81 941 1 $a5 961 $aOmaggio: Tettamanzi Card. Dionigi 996 $6020$a88-211-6385-7$9(OLS)http://semarc/number/110062 996 $6245$aImprenditori con Gesł :$bfede e mercato$9(OLS)http://semarc/title/182914 996 $6260$aGenova-Milano :$bMarietti 1820$9(OLS)http://semarc/publisher/31303